The Concrete Blonde (A Harry Bosch Novel) (Record no. 9519)

MARC details
000 -LEADER
fixed length control field 00353nam a22001337a 4500
008 - FIXED-LENGTH DATA ELEMENTS--GENERAL INFORMATION
fixed length control field 230406b |||||||| |||| 00| 0 eng d
020 ## - INTERNATIONAL STANDARD BOOK NUMBER
International Standard Book Number 978-1-4555-5063-0
082 ## - DEWEY DECIMAL CLASSIFICATION NUMBER
Classification number 813.54
100 ## - MAIN ENTRY--PERSONAL NAME
Personal name Connelly, Michael
245 ## - TITLE STATEMENT
Title The Concrete Blonde (A Harry Bosch Novel)
260 ## - PUBLICATION, DISTRIBUTION, ETC.
Name of publisher, distributor, etc. Grand Central Publishing,
Date of publication, distribution, etc. 2013
300 ## - PHYSICAL DESCRIPTION
Extent 550 p.
Dimensions 19 cm
942 ## - Added entry Elements (Koha)
Source of classification or shelving scheme Dewey Decimal Classification
Holdings
Withdrawn status Lost status Source of classification or shelving scheme Damaged status Not for loan Collection code Home library Current library Shelving location Date acquired Serial Enumeration / chronology Total Checkouts Full call number Barcode Date last seen Price effective from Koha item type
    Dewey Decimal Classification     Fiction RTC Library RTC Library Fiction 06/04/2023 177368   FIC 813.54 CON 30018330 06/04/2023 06/04/2023 Fiction
Royal Thimphu College || All Right Reserved